Arañas / (Record no. 177187)

MARC details
000 -LEADER
campo de control de longitud fija 00670nam a2200205 i 4500
001 - NÚMERO DE CONTROL
campo de control 177187
003 - IDENTIFICADOR DE NÚMERO DE CONTROL
campo de control ES-MaACL
005 - FECHA Y HORA DE LA ÚLTIMA TRANSACCIÓN
campo de control 20230906220256.0
008 - DATOS DE LONGITUD FIJA--INFORMACIÓN GENERAL
campo de control de longitud fija 110308s1967 sp |||| | spa d
080 ## - NÚMERO DE LA CLASIFICACIÓN DECIMAL UNIVERSAL
Número de la Clasificación Decimal Universal 821.134.2-311.2"19"
100 1# - ENTRADA PRINCIPAL--NOMBRE DE PERSONA
Nombre de persona Saladrigas, Robert.
9 (RLIN) 101699
245 10 - MENCIÓN DEL TÍTULO
Título Arañas /
Mención de responsabilidad, etc. Roberto Saladrigas.
260 ## - PUBLICACIÓN, DISTRIBUCIÓN, ETC.
Lugar de publicación, distribución, etc. [Madrid :
Nombre del editor, distribuidor, etc. Alfaguara],
Fecha de publicación, distribución, etc. 1967.
300 ## - DESCRIPCIÓN FÍSICA
Extensión 122 p. ;
Dimensiones 17 cm.
490 1# - MENCIÓN DE SERIE
Mención de serie La novela popular. Contemporánea, inédita, española ;
Designación de volumen o secuencia 62
830 0# - PUNTO DE ACCESO ADICIONAL DE SERIE-TÍTULO UNIFORME
Título uniforme La novela popular. Contemporánea, inédita, española ;
Designación de volumen o secuencia 62
9 (RLIN) 188024
852 ## - LOCALIZACIÓN
Ubicación ES-MaACL
Número de control de estantería E-14608
Encuadernación Olim P-213-Ter
852 ## - LOCALIZACIÓN
Ubicación ES-MaACL
Número de control de estantería P-409-43
Holdings
Estatus retirado Estado de pérdida Estado de daño No para préstamo Biblioteca de origen Biblioteca actual Ubicación en estantería Fecha de adquisición Fuente de adquisición Total de préstamos Signatura topográfica completa Código de barras Visto por última vez Precio de reemplazo Tipo de ítem Koha
        Biblioteca del Ateneo de Madrid Biblioteca del Ateneo de Madrid Depósito 2 01/02/2019     P-409-43 1199767 23/02/2023 23/02/2023 Libro impreso
        Biblioteca del Ateneo de Madrid Biblioteca del Ateneo de Madrid Depósito 2 08/03/2011     E-14608 1186095 23/02/2023 23/02/2023 Libro impreso